| 000 | 00000nas##2200000za#4500 |
| 001 | 9.512672 |
| 003 | CaOODSP |
| 005 | 20241210082316 |
| 007 | ta |
| 008 | 150406c2000||||xxc|| p #||||f| |0fre|d |
| 040 | |aCaOODSP|bfre |
| 043 | |an-cn--- |
| 086 | 1 |aFB12-6F |
| 110 | 2 |aBanque du Canada. |
| 245 | 10|aRapport sur la politique monétaire |
| 260 | |aOttawa - Ontario : |bBanque du Canada |
| 310 | |aSemestriel |
| 563 | |aCouverture souple |
| 691 | 07|aBanque|2gcpds |
| 691 | 07|aInstitution fédérale|2gcpds |
| 691 | 07|aPolitique monétaire|2gcpds |
| 775 | 08|tMonetary policy report update |w(CaOODSP)9.514244 |
| 785 | 00|tMonetary policy report. Update |w(CaOODSP)9.510858 |